00598 a2200169 4500020001500000050001100015100001900026245006800045264004500113300002400158440004100182500006400223504006400287650003100351650002000382700002600402 a061806338200aHQ12361 aFord, Lynne E.10aWomen and politics :bthe pursuit of equality /cLynne E. Ford. aNew YorkbHouhhton Mifflin Companyc2002 av, 316 p. :bill. ; 0aNew directions in political behavior aIncludes bibliographical references (p. 293-298) and index. aIncludes bibliographical references (p. 293-298) and index. 0aWomenxPolitical activity. 0aWomen's rights. aLynne E. Fordeauthor